[Event "DEM U16 2022"]
[Site "Willingen GER"]
[Date "2022.06.08"]
[Round "6"]
[White "Laux, Dominik"]
[Black "Farokhi, Keyvan"]
[Result "1-0"]
[Termination "normal"]
[Board "2"]
[WhiteElo "2263"]
[BlackElo "2360"]
[WhiteClock "00:22:27"]
[BlackClock "00:12:40"]
[PlyCount "55"]
[WhiteFideId "12994219"]
[BlackFideId "12998630"]
[EventCountry "GER"]
[EventRounds "9"]
[EventType "swiss"]
[EventDate "2022.06.04"]

1. e4 {[%clk 1:30:35]} e5 {[%clk 1:30:50]} 2. Nf3 {[%clk 1:30:43]} Nc6 {[%clk
1:31:11]} 3. Bc4 {[%clk 1:30:46]} Nf6 {[%clk 1:31:25]} 4. d3 {[%clk 1:30:52]}
Bc5 {[%clk 1:31:02]} 5. c3 {[%clk 1:30:29]} d6 {[%clk 1:30:59]} 6. O-O {[%clk
1:30:05]} a5 {[%clk 1:30:26]} 7. Nbd2 {[%clk 1:25:20]} O-O {[%clk 1:29:52]} 8.
h3 {[%clk 1:23:19]} h6 {[%clk 1:26:24]} 9. Re1 {[%clk 1:21:56]} a4 {[%clk
1:22:29]} 10. Bb5 {[%clk 1:15:08]} a3 {[%clk 1:17:27]} 11. b4 {[%clk 1:12:43]}
Ba7 {[%clk 1:17:47]} 12. Nf1 {[%clk 1:04:26]} Nh5 {[%clk 1:09:49]} 13. Nxe5
{[%clk 0:52:24]} Qh4 {[%clk 1:06:11]} 14. Nf3 {[%clk 0:48:54]} Bxf2+ {[%clk
1:01:29]} 15. Kh2 {[%clk 0:45:32]} Qf6 {[%clk 1:01:04]} 16. Re2 {[%clk
0:44:24]} Bb6 {[%clk 0:55:42]} 17. d4 {[%clk 0:42:03]} Re8 {[%clk 0:44:27]} 18.
Qe1 {[%clk 0:36:11]} Bd7 {[%clk 0:39:18]} 19. Bc4 {[%clk 0:32:15]} Bxd4 {[%clk
0:31:04]} 20. cxd4 {[%clk 0:28:48]} Nxd4 {[%clk 0:31:02]} 21. Rf2 {[%clk
0:28:33]} Nxf3+ {[%clk 0:26:39]} 22. Rxf3 {[%clk 0:28:49]} Qe5+ {[%clk
0:26:35]} 23. Ng3 {[%clk 0:24:44]} Nxg3 {[%clk 0:20:49]} 24. Bxf7+ {[%clk
0:23:57]} Kh8 {[%clk 0:18:49]} 25. Bf4 {[%clk 0:24:09]} Qxe4 {[%clk 0:13:19]}
26. Bxe8 {[%clk 0:24:06]} Rxe8 {[%clk 0:13:16]} 27. Bxg3 {[%clk 0:22:27]} Qd4
{[%clk 0:12:40]} 28. Qc3 {[%clk 0:22:27]} 1-0

[Event "DEM U16 2022"]
[Site "Willingen GER"]
[Date "2022.06.08"]
[Round "6"]
[White "Lutsko, Artem"]
[Black "Ohler, Julius"]
[Result "1-0"]
[Termination "normal"]
[Board "3"]
[WhiteElo "2392"]
[BlackElo "2011"]
[WhiteClock "00:28:18"]
[BlackClock "00:12:53"]
[PlyCount "67"]
[WhiteFideId "14188767"]
[BlackFideId "16238982"]
[EventCountry "GER"]
[EventRounds "9"]
[EventType "swiss"]
[EventDate "2022.06.04"]

1. e4 {[%clk 1:30:47]} c6 {[%clk 1:30:53]} 2. Nf3 {[%clk 1:31:14]} d5 {[%clk
1:31:19]} 3. Nc3 {[%clk 1:31:41]} dxe4 {[%clk 1:31:45]} 4. Nxe4 {[%clk
1:32:08]} Nf6 {[%clk 1:32:10]} 5. Qe2 {[%clk 1:31:09]} Nxe4 {[%clk 1:32:21]} 6.
Qxe4 {[%clk 1:31:36]} Nd7 {[%clk 1:32:43]} 7. Bc4 {[%clk 1:32:03]} Nf6 {[%clk
1:32:19]} 8. Ne5 {[%clk 1:32:27]} e6 {[%clk 1:32:12]} 9. Qe2 {[%clk 1:32:54]}
Be7 {[%clk 1:29:20]} 10. O-O {[%clk 1:33:14]} O-O {[%clk 1:29:46]} 11. Rd1
{[%clk 1:31:35]} Qc7 {[%clk 1:21:03]} 12. d4 {[%clk 1:30:31]} Rd8 {[%clk
1:13:05]} 13. Bf4 {[%clk 1:27:56]} Nd5 {[%clk 1:09:11]} 14. Bg3 {[%clk
1:28:06]} Bd6 {[%clk 1:09:09]} 15. Bd3 {[%clk 1:27:29]} b5 {[%clk 0:53:42]} 16.
a4 {[%clk 1:14:45]} b4 {[%clk 0:51:57]} 17. a5 {[%clk 1:15:12]} f6 {[%clk
0:42:44]} 18. Nc4 {[%clk 1:08:32]} Bxg3 {[%clk 0:42:41]} 19. hxg3 {[%clk
1:09:00]} Qf7 {[%clk 0:33:48]} 20. a6 {[%clk 1:07:08]} Nc7 {[%clk 0:29:05]} 21.
Qe4 {[%clk 1:06:35]} Bxa6 {[%clk 0:29:08]} 22. Qxh7+ {[%clk 1:05:12]} Kf8
{[%clk 0:29:32]} 23. Na5 {[%clk 0:58:38]} Bxd3 {[%clk 0:23:08]} 24. Rxd3 {[%clk
0:59:05]} Nd5 {[%clk 0:22:39]} 25. Re1 {[%clk 0:44:33]} Rac8 {[%clk 0:22:03]}
26. Nb3 {[%clk 0:42:49]} Rd6 {[%clk 0:20:18]} 27. Nc5 {[%clk 0:42:56]} Re8
{[%clk 0:19:59]} 28. Rf3 {[%clk 0:41:47]} Qg8 {[%clk 0:17:51]} 29. Qe4 {[%clk
0:39:30]} Qf7 {[%clk 0:17:08]} 30. g4 {[%clk 0:39:15]} e5 {[%clk 0:12:59]} 31.
Rh3 {[%clk 0:30:59]} g6 {[%clk 0:12:03]} 32. Rh8+ {[%clk 0:27:37]} Kg7 {[%clk
0:12:27]} 33. Rxe8 {[%clk 0:28:04]} Qxe8 {[%clk 0:12:53]} 34. f4 {[%clk
0:28:18]} 1-0

[Event "DEM U16 2022"]
[Site "Willingen GER"]
[Date "2022.06.08"]
[Round "6"]
[White "Foerster-Yialamas, Lucas"]
[Black "Trushko, Andrii"]
[Result "1-0"]
[Termination "normal"]
[Board "4"]
[WhiteTitle "CM"]
[WhiteElo "2117"]
[BlackElo "1897"]
[WhiteClock "00:24:45"]
[BlackClock "00:15:11"]
[PlyCount "65"]
[WhiteFideId "30901774"]
[BlackFideId "14172887"]
[EventCountry "GER"]
[EventRounds "9"]
[EventType "swiss"]
[EventDate "2022.06.04"]

1. e4 {[%clk 1:30:57]} c6 {[%clk 1:30:53]} 2. d4 {[%clk 1:31:23]} d5 {[%clk
1:31:17]} 3. e5 {[%clk 1:31:50]} c5 {[%clk 1:31:43]} 4. dxc5 {[%clk 1:32:16]}
e6 {[%clk 1:32:09]} 5. a3 {[%clk 1:32:39]} a5 {[%clk 1:32:34]} 6. Nc3 {[%clk
1:33:04]} Bxc5 {[%clk 1:31:54]} 7. Qg4 {[%clk 1:33:30]} g6 {[%clk 1:31:57]} 8.
Bd3 {[%clk 1:33:52]} Nc6 {[%clk 1:26:45]} 9. Nf3 {[%clk 1:34:15]} Bd7 {[%clk
1:24:59]} 10. Qf4 {[%clk 1:32:32]} h5 {[%clk 1:22:00]} 11. Be3 {[%clk 1:29:57]}
Bxe3 {[%clk 1:20:50]} 12. fxe3 {[%clk 1:28:21]} Nce7 {[%clk 1:13:57]} 13. O-O-O
{[%clk 1:10:55]} Nf5 {[%clk 1:05:00]} 14. e4 {[%clk 1:10:30]} dxe4 {[%clk
1:04:51]} 15. Nxe4 {[%clk 1:08:27]} Qe7 {[%clk 0:58:25]} 16. Nd4 {[%clk
1:02:02]} Kf8 {[%clk 0:50:10]} 17. Nxf5 {[%clk 0:56:36]} gxf5 {[%clk 0:47:58]}
18. Nd6 {[%clk 0:51:15]} Rh7 {[%clk 0:43:07]} 19. Be2 {[%clk 0:45:50]} Bc6
{[%clk 0:39:37]} 20. Bf3 {[%clk 0:45:25]} Qc7 {[%clk 0:37:00]} 21. Rhe1 {[%clk
0:42:07]} Ne7 {[%clk 0:35:19]} 22. Qg5 {[%clk 0:41:02]} h4 {[%clk 0:27:28]} 23.
Rd4 {[%clk 0:34:57]} Ng6 {[%clk 0:23:52]} 24. Qf6 {[%clk 0:33:36]} Kg8 {[%clk
0:19:06]} 25. Rc4 {[%clk 0:29:37]} Ra6 {[%clk 0:18:27]} 26. Rd1 {[%clk
0:27:45]} Qe7 {[%clk 0:17:39]} 27. Nxb7 {[%clk 0:26:36]} Qxb7 {[%clk 0:16:26]}
28. Rd8+ {[%clk 0:26:05]} Nf8 {[%clk 0:16:54]} 29. Bxc6 {[%clk 0:25:54]} Rxc6
{[%clk 0:16:42]} 30. Rxc6 {[%clk 0:26:16]} Qxc6 {[%clk 0:16:46]} 31. Qe7 {[%clk
0:26:39]} Kg7 {[%clk 0:15:28]} 32. Rxf8 {[%clk 0:24:25]} Kg6 {[%clk 0:15:11]}
33. Rg8+ {[%clk 0:24:45]} 1-0

[Event "DEM U16 2022"]
[Site "Willingen GER"]
[Date "2022.06.08"]
[Round "6"]
[White "Sidletskyi, Ivan"]
[Black "Rempe, Jonas"]
[Result "1-0"]
[Termination "normal"]
[Board "5"]
[WhiteElo "2084"]
[BlackElo "1856"]
[WhiteClock "00:32:16"]
[BlackClock "00:01:12"]
[PlyCount "65"]
[WhiteFideId "14156024"]
[BlackFideId "16202406"]
[EventCountry "GER"]
[EventRounds "9"]
[EventType "swiss"]
[EventDate "2022.06.04"]

1. c4 {[%clk 1:30:47]} Nf6 {[%clk 1:30:54]} 2. Nc3 {[%clk 1:31:00]} g6 {[%clk
1:31:16]} 3. e4 {[%clk 1:30:20]} d6 {[%clk 1:31:44]} 4. d4 {[%clk 1:30:29]} Bg7
{[%clk 1:32:12]} 5. h3 {[%clk 1:30:23]} O-O {[%clk 1:32:27]} 6. Be3 {[%clk
1:30:09]} Nbd7 {[%clk 1:32:51]} 7. g4 {[%clk 1:21:49]} a6 {[%clk 1:32:44]} 8.
Nge2 {[%clk 1:12:18]} c5 {[%clk 1:32:06]} 9. Ng3 {[%clk 1:10:14]} Qa5 {[%clk
1:07:23]} 10. Qd2 {[%clk 1:03:48]} b5 {[%clk 0:57:31]} 11. cxb5 {[%clk
1:00:14]} cxd4 {[%clk 0:47:17]} 12. Bxd4 {[%clk 1:00:31]} Nc5 {[%clk 0:45:24]}
13. Bxf6 {[%clk 0:46:45]} Nb3 {[%clk 0:27:09]} 14. Qd1 {[%clk 0:43:06]} Bxf6
{[%clk 0:25:58]} 15. axb3 {[%clk 0:39:08]} Bxc3+ {[%clk 0:26:21]} 16. Ke2
{[%clk 0:38:18]} Qxb5+ {[%clk 0:13:51]} 17. Kf3 {[%clk 0:38:31]} Qe5 {[%clk
0:14:20]} 18. bxc3 {[%clk 0:38:25]} Qxc3+ {[%clk 0:14:47]} 19. Kg2 {[%clk
0:37:55]} Be6 {[%clk 0:14:42]} 20. Rc1 {[%clk 0:36:33]} Qxb3 {[%clk 0:13:27]}
21. Qxb3 {[%clk 0:36:57]} Bxb3 {[%clk 0:13:51]} 22. Bc4 {[%clk 0:36:12]} Rfb8
{[%clk 0:07:56]} 23. Rc3 {[%clk 0:36:16]} Rc8 {[%clk 0:06:58]} 24. Rhc1 {[%clk
0:32:00]} Rxc4 {[%clk 0:06:33]} 25. Rxc4 {[%clk 0:32:25]} Bxc4 {[%clk 0:06:57]}
26. Rxc4 {[%clk 0:32:53]} a5 {[%clk 0:07:23]} 27. Ra4 {[%clk 0:32:54]} e6
{[%clk 0:03:36]} 28. Nf1 {[%clk 0:31:58]} Kg7 {[%clk 0:01:50]} 29. Ne3 {[%clk
0:32:18]} Kf6 {[%clk 0:01:00]} 30. Nc4 {[%clk 0:32:20]} d5 {[%clk 0:00:45]} 31.
e5+ {[%clk 0:32:13]} Kg5 {[%clk 0:01:15]} 32. f4+ {[%clk 0:32:06]} Kh4 {[%clk
0:01:12]} 33. Nd2 {[%clk 0:32:16]} 1-0

[Event "DEM U16 2022"]
[Site "Willingen GER"]
[Date "2022.06.08"]
[Round "6"]
[White "Jaskulski, Jan"]
[Black "Bui, Bao Anh Le"]
[Result "1/2-1/2"]
[Termination "normal"]
[Board "6"]
[WhiteElo "1727"]
[BlackElo "2127"]
[WhiteClock "00:07:22"]
[BlackClock "00:33:55"]
[PlyCount "47"]
[WhiteFideId "21877807"]
[BlackFideId "12970719"]
[EventCountry "GER"]
[EventRounds "9"]
[EventType "swiss"]
[EventDate "2022.06.04"]

1. e4 {[%clk 1:30:25]} c5 {[%clk 1:30:26]} 2. Nf3 {[%clk 1:30:49]} d6 {[%clk
1:30:36]} 3. d4 {[%clk 1:31:08]} cxd4 {[%clk 1:30:58]} 4. Nxd4 {[%clk 1:31:32]}
Nf6 {[%clk 1:31:19]} 5. Nc3 {[%clk 1:31:58]} a6 {[%clk 1:31:44]} 6. Bg5 {[%clk
1:31:31]} Nbd7 {[%clk 1:31:37]} 7. Bc4 {[%clk 1:30:58]} Qb6 {[%clk 1:31:26]} 8.
Bb3 {[%clk 1:21:47]} e6 {[%clk 1:30:27]} 9. Qd2 {[%clk 1:03:58]} Be7 {[%clk
1:28:00]} 10. O-O-O {[%clk 1:00:32]} Nc5 {[%clk 1:27:52]} 11. Rhe1 {[%clk
0:59:46]} Qc7 {[%clk 1:27:57]} 12. f4 {[%clk 0:49:54]} h6 {[%clk 1:18:04]} 13.
Bxf6 {[%clk 0:50:08]} Bxf6 {[%clk 1:18:00]} 14. Nf3 {[%clk 0:46:40]} b5 {[%clk
1:01:20]} 15. Qxd6 {[%clk 0:32:38]} Qxd6 {[%clk 1:00:49]} 16. Rxd6 {[%clk
0:33:05]} Bxc3 {[%clk 1:01:02]} 17. bxc3 {[%clk 0:33:33]} Bb7 {[%clk 1:00:59]}
18. e5 {[%clk 0:32:48]} Rc8 {[%clk 0:53:37]} 19. Kb2 {[%clk 0:28:40]} Ke7
{[%clk 0:47:52]} 20. Red1 {[%clk 0:24:37]} g6 {[%clk 0:36:50]} 21. R1d4 {[%clk
0:14:44]} Bc6 {[%clk 0:34:58]} 22. Rd1 {[%clk 0:12:21]} Ne4 {[%clk 0:34:28]}
23. R6d4 {[%clk 0:11:55]} Nxc3 {[%clk 0:33:55]} 24. Re1 {[%clk 0:07:22]}
1/2-1/2

[Event "DEM U16 2022"]
[Site "Willingen GER"]
[Date "2022.06.08"]
[Round "6"]
[White "Mimkes, Antal"]
[Black "Hommer, Jeremy"]
[Result "0-1"]
[Termination "normal"]
[Board "8"]
[WhiteElo "1696"]
[BlackElo "2123"]
[WhiteClock "00:43:50"]
[BlackClock "00:18:43"]
[PlyCount "92"]
[WhiteFideId "16265963"]
[BlackFideId "12992577"]
[EventCountry "GER"]
[EventRounds "9"]
[EventType "swiss"]
[EventDate "2022.06.04"]

1. e4 {[%clk 1:30:47]} e6 {[%clk 1:30:57]} 2. d4 {[%clk 1:31:03]} d5 {[%clk
1:31:25]} 3. e5 {[%clk 1:31:15]} c5 {[%clk 1:31:42]} 4. c3 {[%clk 1:31:31]} Nc6
{[%clk 1:31:59]} 5. Nf3 {[%clk 1:31:32]} Bd7 {[%clk 1:32:25]} 6. a3 {[%clk
1:31:38]} c4 {[%clk 1:32:27]} 7. Be2 {[%clk 1:30:49]} Na5 {[%clk 1:31:39]} 8.
Nbd2 {[%clk 1:30:07]} Qc7 {[%clk 1:23:33]} 9. O-O {[%clk 1:28:43]} h6 {[%clk
1:22:45]} 10. Ne1 {[%clk 1:27:07]} O-O-O {[%clk 1:22:42]} 11. a4 {[%clk
1:23:54]} Ne7 {[%clk 1:20:08]} 12. b4 {[%clk 1:20:26]} cxb3 {[%clk 1:19:39]}
13. Nxb3 {[%clk 1:20:44]} Nec6 {[%clk 1:05:56]} 14. Nd3 {[%clk 1:15:22]} Nxb3
{[%clk 1:03:53]} 15. Qxb3 {[%clk 1:15:09]} Na5 {[%clk 1:04:00]} 16. Qc2 {[%clk
1:13:40]} Kb8 {[%clk 0:55:22]} 17. Nb2 {[%clk 1:08:37]} Rc8 {[%clk 0:46:25]}
18. Bd2 {[%clk 1:08:39]} Be7 {[%clk 0:35:15]} 19. Rfc1 {[%clk 1:07:27]} Rhd8
{[%clk 0:28:40]} 20. Qd1 {[%clk 1:00:34]} Bc6 {[%clk 0:27:03]} 21. c4 {[%clk
0:58:57]} Nxc4 {[%clk 0:27:00]} 22. Nxc4 {[%clk 0:59:00]} dxc4 {[%clk 0:27:24]}
23. Rxc4 {[%clk 0:58:35]} Qd7 {[%clk 0:26:20]} 24. Bb4 {[%clk 0:51:13]} Bd5
{[%clk 0:21:48]} 25. Rxc8+ {[%clk 0:47:42]} Rxc8 {[%clk 0:22:12]} 26. Bd2
{[%clk 0:43:16]} Bc4 {[%clk 0:15:21]} 27. Be3 {[%clk 0:39:14]} Bxe2 {[%clk
0:15:22]} 28. Qxe2 {[%clk 0:39:38]} Bb4 {[%clk 0:13:39]} 29. h3 {[%clk
0:34:59]} a5 {[%clk 0:12:06]} 30. Ra2 {[%clk 0:32:34]} Qd5 {[%clk 0:10:59]} 31.
Rc2 {[%clk 0:28:36]} Rxc2 {[%clk 0:03:42]} 32. Qxc2 {[%clk 0:28:56]} Qd7 {[%clk
0:03:58]} 33. Kh2 {[%clk 0:27:35]} h5 {[%clk 0:03:57]} 34. h4 {[%clk 0:26:21]}
g6 {[%clk 0:04:21]} 35. Kg3 {[%clk 0:21:44]} b5 {[%clk 0:04:16]} 36. Qd3 {[%clk
0:20:04]} bxa4 {[%clk 0:04:19]} 37. Qa6 {[%clk 0:19:08]} Qb7 {[%clk 0:03:50]}
38. Qc4 {[%clk 0:19:28]} a3 {[%clk 0:03:41]} 39. Bf4 {[%clk 0:15:05]} Ka7
{[%clk 0:01:04]} 40. Be3 {[%clk 0:14:36]} Kb8 {[%clk 0:01:30]} 41. Bf4 {[%clk
0:14:55]} Qd5 {[%clk 0:20:26]} 42. Qxd5 {[%clk 0:43:21]} exd5 {[%clk 0:20:55]}
43. e6+ {[%clk 0:43:15]} Kb7 {[%clk 0:18:28]} 44. exf7 {[%clk 0:43:29]} a2
{[%clk 0:18:20]} 45. Bd2 {[%clk 0:43:43]} Bd6+ {[%clk 0:18:24]} 46. Bf4 {[%clk
0:43:50]} Bf8 {[%clk 0:18:43]} 0-1

[Event "DEM U16 2022"]
[Site "Willingen GER"]
[Date "2022.06.08"]
[Round "6"]
[White "Albert, Markus"]
[Black "Chassard, Cedric"]
[Result "1-0"]
[Termination "normal"]
[Board "10"]
[WhiteElo "2053"]
[BlackElo "2072"]
[WhiteClock "00:16:34"]
[BlackClock "00:24:51"]
[PlyCount "83"]
[WhiteFideId "16292626"]
[BlackFideId "16243536"]
[EventCountry "GER"]
[EventRounds "9"]
[EventType "swiss"]
[EventDate "2022.06.04"]

1. e4 {[%clk 1:30:58]} c5 {[%clk 1:30:53]} 2. Nc3 {[%clk 1:31:15]} d6 {[%clk
1:31:10]} 3. d4 {[%clk 1:31:36]} cxd4 {[%clk 1:31:32]} 4. Qxd4 {[%clk 1:32:00]}
Nf6 {[%clk 1:31:09]} 5. b3 {[%clk 1:32:13]} a6 {[%clk 1:28:33]} 6. Bb2 {[%clk
1:32:31]} e5 {[%clk 1:19:36]} 7. Qd2 {[%clk 1:32:19]} Be6 {[%clk 1:19:12]} 8.
O-O-O {[%clk 1:29:27]} Be7 {[%clk 1:18:51]} 9. f3 {[%clk 1:28:57]} Nbd7 {[%clk
1:18:17]} 10. Kb1 {[%clk 1:24:50]} h5 {[%clk 1:12:49]} 11. h4 {[%clk 1:11:23]}
b5 {[%clk 1:04:26]} 12. Nh3 {[%clk 1:05:45]} Nb6 {[%clk 0:58:52]} 13. Ng5
{[%clk 0:52:48]} Bd7 {[%clk 0:58:29]} 14. Be2 {[%clk 0:49:51]} b4 {[%clk
0:49:03]} 15. Nd5 {[%clk 0:46:52]} Nbxd5 {[%clk 0:45:27]} 16. exd5 {[%clk
0:47:05]} Qb6 {[%clk 0:44:19]} 17. f4 {[%clk 0:44:56]} Ng4 {[%clk 0:42:40]} 18.
fxe5 {[%clk 0:37:51]} dxe5 {[%clk 0:41:54]} 19. d6 {[%clk 0:34:50]} Bf6 {[%clk
0:37:48]} 20. Bxg4 {[%clk 0:29:25]} hxg4 {[%clk 0:36:44]} 21. Qd5 {[%clk
0:25:53]} O-O {[%clk 0:31:04]} 22. Qe4 {[%clk 0:23:14]} g6 {[%clk 0:30:18]} 23.
Rhf1 {[%clk 0:23:29]} Bc6 {[%clk 0:29:33]} 24. Qxg4 {[%clk 0:23:21]} Qd8 {[%clk
0:27:38]} 25. Nxf7 {[%clk 0:15:29]} Rxf7 {[%clk 0:21:15]} 26. Qxg6+ {[%clk
0:15:34]} Rg7 {[%clk 0:21:18]} 27. Qxf6 {[%clk 0:15:50]} Qxf6 {[%clk 0:21:22]}
28. Rxf6 {[%clk 0:16:13]} Rf7 {[%clk 0:21:13]} 29. Bxe5 {[%clk 0:15:54]} Re8
{[%clk 0:20:57]} 30. Rxf7 {[%clk 0:15:40]} Kxf7 {[%clk 0:21:20]} 31. d7 {[%clk
0:15:51]} Rd8 {[%clk 0:21:17]} 32. Bc7 {[%clk 0:16:01]} Rxd7 {[%clk 0:21:33]}
33. Rxd7+ {[%clk 0:16:24]} Bxd7 {[%clk 0:22:03]} 34. Ba5 {[%clk 0:16:42]} Kg6
{[%clk 0:22:24]} 35. Bxb4 {[%clk 0:16:59]} Kh5 {[%clk 0:22:48]} 36. g3 {[%clk
0:17:13]} Kg4 {[%clk 0:23:07]} 37. Bd6 {[%clk 0:17:37]} Kf5 {[%clk 0:23:32]}
38. c4 {[%clk 0:16:52]} Ke4 {[%clk 0:23:52]} 39. h5 {[%clk 0:16:52]} Kd3 {[%clk
0:24:00]} 40. Kb2 {[%clk 0:16:34]} a5 {[%clk 0:24:24]} 41. h6 {[%clk 0:16:46]}
Bf5 {[%clk 0:24:51]} 42. c5 {[%clk 0:16:34]} 1-0

[Event "DEM U16 2022"]
[Site "Willingen GER"]
[Date "2022.06.08"]
[Round "6"]
[White "Heinrich, John"]
[Black "Bock, Marlon"]
[Result "1-0"]
[Termination "normal"]
[Board "11"]
[WhiteElo "2011"]
[BlackElo "1816"]
[WhiteClock "00:19:56"]
[BlackClock "00:27:15"]
[PlyCount "43"]
[WhiteFideId "16259491"]
[BlackFideId "16244931"]
[EventCountry "GER"]
[EventRounds "9"]
[EventType "swiss"]
[EventDate "2022.06.04"]

1. e4 {[%clk 1:30:59]} c5 {[%clk 1:30:55]} 2. Nf3 {[%clk 1:31:22]} Nc6 {[%clk
1:31:20]} 3. d4 {[%clk 1:31:49]} cxd4 {[%clk 1:31:47]} 4. Nxd4 {[%clk 1:32:12]}
Nf6 {[%clk 1:32:12]} 5. Nc3 {[%clk 1:32:37]} e5 {[%clk 1:32:35]} 6. Ndb5 {[%clk
1:33:00]} d6 {[%clk 1:32:49]} 7. Nd5 {[%clk 1:33:08]} Nxd5 {[%clk 1:32:25]} 8.
exd5 {[%clk 1:33:26]} Nb8 {[%clk 1:27:24]} 9. Qf3 {[%clk 1:33:06]} Nd7 {[%clk
1:19:59]} 10. Qc3 {[%clk 1:32:29]} Nc5 {[%clk 1:16:20]} 11. Be3 {[%clk
1:32:12]} Na6 {[%clk 1:07:08]} 12. Nxa7 {[%clk 1:30:59]} Bd7 {[%clk 1:02:08]}
13. Bxa6 {[%clk 1:16:27]} bxa6 {[%clk 1:01:30]} 14. O-O {[%clk 1:06:13]} Qb8
{[%clk 0:54:54]} 15. Nc6 {[%clk 1:02:18]} Qb5 {[%clk 0:53:21]} 16. f4 {[%clk
0:33:25]} f6 {[%clk 0:40:13]} 17. Qb3 {[%clk 0:22:17]} Bxc6 {[%clk 0:32:46]}
18. dxc6 {[%clk 0:22:38]} Qxc6 {[%clk 0:31:00]} 19. Qe6+ {[%clk 0:22:30]} Be7
{[%clk 0:30:52]} 20. fxe5 {[%clk 0:20:38]} Qe4 {[%clk 0:29:57]} 21. Rae1 {[%clk
0:19:37]} dxe5 {[%clk 0:27:15]} 22. Qxe7+ {[%clk 0:19:56]} 1-0

[Event "DEM U16 2022"]
[Site "Willingen GER"]
[Date "2022.06.08"]
[Round "6"]
[White "Neuber, Pascal"]
[Black "Spriestersbach, Kai"]
[Result "1-0"]
[Termination "normal"]
[Board "12"]
[WhiteElo "1802"]
[BlackElo "1948"]
[WhiteClock "00:20:01"]
[BlackClock "00:29:47"]
[PlyCount "85"]
[WhiteFideId "16227611"]
[BlackFideId "16269985"]
[EventCountry "GER"]
[EventRounds "9"]
[EventType "swiss"]
[EventDate "2022.06.04"]

1. e4 {[%clk 1:30:56]} c5 {[%clk 1:30:55]} 2. c4 {[%clk 1:31:23]} Nc6 {[%clk
1:31:20]} 3. Nc3 {[%clk 1:31:50]} g6 {[%clk 1:31:42]} 4. g3 {[%clk 1:32:18]}
Bg7 {[%clk 1:32:07]} 5. Bg2 {[%clk 1:32:44]} d6 {[%clk 1:32:28]} 6. Nge2 {[%clk
1:33:06]} e5 {[%clk 1:32:42]} 7. d3 {[%clk 1:33:08]} Nge7 {[%clk 1:33:06]} 8.
O-O {[%clk 1:33:17]} O-O {[%clk 1:33:25]} 9. Bg5 {[%clk 1:32:46]} h6 {[%clk
1:32:41]} 10. Be3 {[%clk 1:33:09]} Nd4 {[%clk 1:32:14]} 11. Qd2 {[%clk
1:32:37]} Kh7 {[%clk 1:32:17]} 12. f4 {[%clk 1:32:19]} exf4 {[%clk 1:30:25]}
13. Nxf4 {[%clk 1:30:47]} Rb8 {[%clk 1:27:13]} 14. Rab1 {[%clk 1:27:44]} Nec6
{[%clk 1:13:30]} 15. Nfd5 {[%clk 1:27:21]} b5 {[%clk 1:09:55]} 16. b3 {[%clk
1:25:22]} b4 {[%clk 1:09:36]} 17. Ne2 {[%clk 1:25:11]} Nxe2+ {[%clk 1:09:13]}
18. Qxe2 {[%clk 1:25:39]} Nd4 {[%clk 1:09:19]} 19. Qd2 {[%clk 1:26:03]} Be6
{[%clk 1:07:43]} 20. Nf4 {[%clk 1:24:22]} Bd7 {[%clk 1:06:33]} 21. Ne2 {[%clk
1:21:57]} Nxe2+ {[%clk 1:05:56]} 22. Qxe2 {[%clk 1:22:19]} a5 {[%clk 1:03:07]}
23. Rbd1 {[%clk 1:22:07]} Qb6 {[%clk 1:02:11]} 24. Qd2 {[%clk 1:22:19]} Bc3
{[%clk 0:59:17]} 25. Qc1 {[%clk 1:21:40]} Bg7 {[%clk 0:59:34]} 26. Qd2 {[%clk
1:18:09]} Bg4 {[%clk 0:52:04]} 27. Bf3 {[%clk 1:16:57]} Bxf3 {[%clk 0:47:13]}
28. Rxf3 {[%clk 1:17:24]} Qc6 {[%clk 0:42:15]} 29. Rdf1 {[%clk 1:17:02]} Rb7
{[%clk 0:40:32]} 30. Rf4 {[%clk 1:12:16]} Bc3 {[%clk 0:35:23]} 31. Qf2 {[%clk
0:45:52]} Kg7 {[%clk 0:33:27]} 32. g4 {[%clk 0:36:31]} Be5 {[%clk 0:31:06]} 33.
Rf3 {[%clk 0:23:25]} Qd7 {[%clk 0:30:15]} 34. Bxh6+ {[%clk 0:17:51]} Kxh6
{[%clk 0:29:45]} 35. Qh4+ {[%clk 0:18:13]} Kg7 {[%clk 0:29:50]} 36. Rh3 {[%clk
0:18:38]} f5 {[%clk 0:29:10]} 37. Qh7+ {[%clk 0:18:50]} Kf6 {[%clk 0:29:24]}
38. g5+ {[%clk 0:19:14]} Ke6 {[%clk 0:28:43]} 39. Qxg6+ {[%clk 0:19:36]} Bf6
{[%clk 0:28:48]} 40. Qxf5+ {[%clk 0:19:15]} Ke7 {[%clk 0:29:07]} 41. Rh7+
{[%clk 0:19:33]} Rf7 {[%clk 0:29:30]} 42. Rxf7+ {[%clk 0:19:44]} Kxf7 {[%clk
0:29:47]} 43. Qxf6+ {[%clk 0:20:01]} 1-0